|
|
|
|
| LEADER |
00910nam a22002532a 4500 |
| 001 |
000050119 |
| 003 |
CZ BrMZK |
| 005 |
20161130135132.0 |
| 007 |
ta |
| 008 |
951201s1987 xr f cze d |
| 015 |
|
|
|a cnb000043766
|
| 035 |
|
|
|a (OCoLC)39439354
|
| 040 |
|
|
|a BOA001
|b cze
|
| 080 |
|
|
|a 885.0-252.5
|2 MRF
|
| 100 |
1 |
|
|a Vostárek, Karel,
|d 1951-
|7 mzk2007401411
|4 aut
|
| 245 |
1 |
0 |
|a O Palečkovi /
|c Karel Vostárek ; hudba a texty písní Václav Koubek
|
| 250 |
|
|
|a 1.nákl.
|
| 260 |
|
|
|a Praha :
|b Divadelní a literární agentura,
|c 1987
|
| 300 |
|
|
|a 35 s., 5 s.not.příl.
|
| 700 |
1 |
|
|a Koubek, Václav,
|d 1955-
|7 jn99240000506
|4 aut
|
| 910 |
|
|
|a BOA001
|b PK-0107.814
|b X-0934.427
|
| 990 |
|
|
|a BK
|
| 996 |
6 |
|
|b 2619901731
|c X-0934.427
|l MZK
|r Sklad / do 24 hodin
|n 6
|w 000050119
|u 000020
|a 1
|e BOA001
|j MZK50
|s P
|
| 996 |
7 |
|
|b 3119979479
|c PK-0107.814
|l MZK
|r Sklad / do 1 hodiny
|n 1
|w 000050119
|u 000010
|a 1
|e BOA001
|j MZK50
|s A
|